Vplyv vodných výluhov použitých formovacích zmesí na vybrané pôdne mikroorganizmy : Diplomová práca

Guardado en:
Detalles Bibliográficos
Autor principal: Mokošák, Radovan (Autor)
Otros Autores: Škárka, Bohumil, 1933- (xxx)
Formato: Manuscrito Libro
Lenguaje:eslovaco
Publicado: Trnava : STU v Bratislave MtF KEBI, 2002
Materias:
Etiquetas: Agregar Etiqueta
Sin Etiquetas, Sea el primero en etiquetar este registro!

MARC

LEADER 00000ntm a22000003a 4500
001 stu76886
005 20160719155037.7
008 020730s2002----xo------------------slo-d
040 |a STU  |b slo 
041 0 |a slo 
044 |a xo 
100 1 |a Mokošák, Radovan  |4 aut 
245 1 |a Vplyv vodných výluhov použitých formovacích zmesí na vybrané pôdne mikroorganizmy :  |b Diplomová práca 
260 |a Trnava :  |b STU v Bratislave MtF KEBI,  |c 2002 
300 |a 111 s  |c abstr. 
650 7 |a vodné výluhy  |2 stusub 
650 7 |a pôdne mikroorganizmy  |2 stusub 
650 7 |a životné prostredie  |2 stusub 
700 1 |a Škárka, Bohumil,  |d 1933-  |4 xxx  |u M390  |U MTF Materiálovotechnologická fakulta  |T MTF Katedra environmentálneho a bezpečnostného inžinierstva  |X 1525  |U M390  |Y 177  |7 A000001525